00371nam a2200145Ia 4500008004100000020001500041041001200056082001600068100001200084245005700096260003400153300000800187650001600195700001400211221030s9999 xx 000 0 und d a8175151218 aEnglish a105.23bPop aM. Pope 0aProgramming Internet Controlscby M. Pope, J. Mojica bGalgotia PubaNew Delhic1997 a574 aBE Computer aJ. Mojica